000 02723nam0a2200397 4500
001 RU\NLR\BIBL_A\012089092
005 20191003163158.0
021 _aRU
_bКН-П-19-057376
_9КН-П-19-4117
035 _a(NLR Aleph) 012089092
035 _a(RuMoRGB)008883234
090 _a11844992
_c11844992
100 _a20190909d2018 k y0rusy50 ca
101 0 _arus
_aeng
_erus
_eeng
102 _aRU
105 _ab|||m|||000zy
200 1 _aВнешнеполитическая деятельность Азербайджана по обеспечению мирного урегулирования Карабахского конфликта
_dThe foreign policy of Azerbaijan on ensuring the peaceful settlement of the Karabakh conflict
_eдиссертация на соискание ученой степени кандидата политических наук
_eспециальность: 23.00.04 - Политические проблемы международных отношений, глобального и регионального развития
_fАллахвердиев Рахман Али оглы
_gнаучный руководитель: доктор политических наук, доцент Панцерев Константин Арсеньевич
_gСанкт-Петербургский государственный университет
_zeng
210 _aСанкт-Петербург
_d2018
215 _a406 с.
_cкарт., цв. карт.
_d21
300 _aАвт. также на англ. яз.: Allahverdiyev Rahman Ali oglu
300 _aТекст парал. на рус. и англ. яз.
320 _aБиблиогр.: с. 182-211 (207 назв.) и в подстроч. примеч.
333 _aНа правах рукописи
510 1 _aThe foreign policy of Azerbaijan on ensuring the peaceful settlement of the Karabakh conflict
_ez33790
_zeng
606 1 _aАзербайджано-армянский конфликт
_xУрегулирование
_jДиссертации
_2nlr_sh1
_2nlr_sh2
_3RU\NLR\AUTH\661360864
610 0 _aкарабахский конфликт
686 1 _aТ3(5Ар)74-64(5Аз)
686 1 _aТ3(5Аз)74-64(5Ар)
700 1 _aАллахвердиев
_bР. А. о.
_gРахман Али оглы
702 1 _aПанцерев
_bК. А.
_gКонстантин Арсеньевич
_4727
712 0 2 _aСанкт-Петербургский государственный университет
_3RU\NLR\AUTH\8810043151
_4295
790 1 _6z33510
_aAllachverdiev
_bR. A. o.
_gRachman Ali ogly
911 _a11123.00.04
942 _cDISS
980 _aNB